000 00795nam a22002297a 4500
999 _c19261
_d19261
003 AR-CdUCM
008 190226b ||||| |||| 00| 0 spa d
020 _a9681848055
040 _aMUNICIPALIDAD PROVINCIAL DEL CUSCO
_cBIBLIOTECA MUNICIPAL DEL CUSCO
082 _a327.07 /
_bV32
100 _aVasquez, John A.
_94517
245 _aRelaciones internacionales :
_bEl pensamiento de los clásicos /
260 _aMéxico :
_bLimusa - Noriega ,
_c1994.
300 _a420 páginas ;
_c25 cm.
505 _aContenido : Actores de la política mundial -- Alemania imperial -- La guerra justa y el imperialismo...
650 _aGuerra e idealismo.
_94518
650 _aRealismo.
_9520
650 _aCrítica radical.
_94519
650 _aFilosofía.
_9395
942 _2ddc
_cLIBROS
945 _arcc